000
00293nam a22001217a 4500
008
180124b xxu||||| |||| 00| 0 eng d
041
_a
eng
080
_a
316
100
_a
50
101
_a
SOC
245
_a
SOCIAL SKILLS ASSESMENT AND TRAINING WITH CHILDREN
_c
LARRY.M
942
_2
udc
_c
BK
999
_c
40875
_d
40875